Exit options, boundary, building, political structuring sketches of a theory of large-scale territorial and membership "retrenchment/differentiation" versus "expansion/integration" (with reference to the European Union)

Saved in:
Bibliographic Details
Main Author: Bartolini, Stefano
Format: Book
Language:English
Published: San Domenico (FI) European University Institute 1998
Series:EUI Working paper SPS No. 98/1
Subjects:
Tags: Add Tag
No Tags, Be the first to tag this record!

MARC

LEADER 00000nam a2200000 4500
001 c131953
005 20221109093442.9
041 0 |a eng 
044 |a IT 
245 1 0 |a Exit options, boundary, building, political structuring  |b sketches of a theory of large-scale territorial and membership "retrenchment/differentiation" versus "expansion/integration" (with reference to the European Union)  |c Stefano Bartolini 
264 1 |a San Domenico (FI)  |b European University Institute  |c 1998 
300 |a 54 s. 
490 1 |a EUI Working paper SPS  |v No. 98/1 
830 0 |a EUI Working paper SPS  |v No. 98/1 
610 2 0 |a Európska únia 
610 2 0 |a politika 
610 2 0 |a vývoj spoločenský 
610 2 0 |a systémy politické 
100 1 |a Bartolini, Stefano